000 00259nam a22001097a 4500
008 170120b xxu||||| |||| 00| 0 eng d
020 _a9780815143895
041 _aeng
080 _a618.2
245 _aCANADIAN TRANSCULTURAL NURSING
_cGIGER, N
942 _2udc
_cBK
999 _c3303
_d3303